| 000 | 00448 a2200145 4500 | ||
|---|---|---|---|
| 245 |
_aZenobia _b : between reality and legend _hprint |
||
| 020 | _a9781906768386 (hbk.) | ||
| 250 | _aRev. ed. | ||
| 700 | _aZahrān, Yāsamīn | ||
| 650 | _aProgramming | ||
| 005 | 20191017174025.0 | ||
| 260 |
_aenk _bStacey International _c2010 |
||
| 084 | _aDS99.P17 Z347 2010 | ||
| 300 |
_a224 p. : ill. (some col.) _b 23 cm. _c224 p. : ill. (some col.) ; 23 cm. |
||
| 500 | _aYasmine Zahran. | ||
| 999 |
_c11059 _d11059 |
||